000
00295nam a2200109Ia 4500
008
200302s9999 xx 000 0 und d
100
_a
Anthony Tischhauser and Other
245
_a
Calatrava Public Buildings
260
_b
Birkhauser Publlisher for Architecture
260
_c
1998
300
_a
389 P.,
999
_c
3972
_d
3972